| 000 | 01261nam a2200337 i 4500 | ||
|---|---|---|---|
| 001 | 768714001 | ||
| 003 | CO-MdFUSB | ||
| 005 | 20230314120802.0 | ||
| 007 | ta | ||
| 008 | 230310t2001 -us |||f |||| 00| 0 eng d | ||
| 020 | _a0312240287 | ||
| 040 |
_aCO-MdFUSB _bspa _cCO-MdFUSB _dCO-MdFUSBC _erda |
||
| 041 | _aeng | ||
| 082 |
_223 _a212.6 _bG731h |
||
| 100 |
_aGracia, Jorge J.E. _eautor |
||
| 245 |
_aHow can we know what God means? _b: the interpretation of revelation _c/ Jorge J. E. Gracia |
||
| 264 | 1 |
_aNew York : _bPalgrave, _c2001 |
|
| 264 | 4 | _c©2001 | |
| 300 |
_a229 páginas _c; 21 cm |
||
| 336 |
_2rdacontent _atexto _btxt |
||
| 337 |
_2rdamedia _asin mediación _bn |
||
| 338 |
_2rdacarrier _avolumen _bnc |
||
| 504 | _aIncluye índices y bibliografía | ||
| 505 | _aRevelación -- Interpretación -- Interpretaciones de significado -- Interpretaciones literarias -- Interpretaciones sociológicas -- Interpretaciones teológicas -- Interpretaciones definitivas -- Relativismo en la interpretación -- Conclusión: ¿Cómo podemos saber lo que Dios quiere decir? | ||
| 563 | _aRústico | ||
| 650 | 7 |
_9418 _aHermenéutica |
|
| 650 | 0 |
_91078 _aRevelación en la Biblia |
|
| 942 | _cBK | ||
| 945 | _aAF | ||
| 999 |
_c68557 _d68557 |
||